Subkultury mládeže: analýza způsobů identifikace adolescentů a mladých dospělých s vybranými hudebními subkulturami
Identifikácia adolescentov a mladých dospelých s vybranými hudobnými subkultúrami. Zohľadňuje vplyv pohlavia, vekových skupín a blízkosti mestských aglomerácií. Spôsoby identifikácie zahŕňajú štýl obliekania, účes, celkový vzhľad, účasť na koncertoch, aktivitu na sociálnych médiách, príslušnosť k sk...
Gespeichert in:
| 1. Verfasser: | |
|---|---|
| Weitere Verfasser: | , |
| Format: | Buchkapitel |
| Sprache: | Tschechisch |
| Schlagworte: | |
| Tags: |
Keine Tags, Fügen Sie das erste Tag hinzu!
|
MARC
| LEADER | 00000naa a2200000 4500 | ||
|---|---|---|---|
| 001 | 0311863 | ||
| 005 | 20251210130809.2 | ||
| 041 | 0 | |a cze | |
| 044 | |a SK | ||
| 245 | 1 | 0 | |a Subkultury mládeže: analýza způsobů identifikace adolescentů a mladých dospělých s vybranými hudebními subkulturami |c Ivana Olecká, Jiří Pospíšil ; aut. Josef Smolík |
| 520 | |a Identifikácia adolescentov a mladých dospelých s vybranými hudobnými subkultúrami. Zohľadňuje vplyv pohlavia, vekových skupín a blízkosti mestských aglomerácií. Spôsoby identifikácie zahŕňajú štýl obliekania, účes, celkový vzhľad, účasť na koncertoch, aktivitu na sociálnych médiách, príslušnosť k skupine s podobne identifikovanými priateľmi a používanie bežného slangu a hovorových výrazov špecifických pre danú subkultúru. Autori tvrdia, že explicitná identifikácia so subkultúrou, aj keď je spojená s hodnotami a kultúrami, ktoré sa líšia od hlavného prúdu, predstavuje menej sociálnych výziev a hrozieb ako hodnoty a kultúrne rozdiely, ktoré nie sú explicitne uznávané a preto zostávajú neznáme. | ||
| 610 | 2 | 0 | |a mládež |
| 610 | 2 | 0 | |a spoločnosť |
| 610 | 2 | 0 | |a subkultúry |
| 610 | 2 | 0 | |a správanie sociálne |
| 610 | 2 | 0 | |a prostredie sociálne |
| 610 | 2 | 0 | |a mestá |
| 610 | 2 | 0 | |a identita kultúrna |
| 100 | 1 | |a Olecká, Ivana | |
| 700 | 1 | |a Pospíšil, Jiří | |
| 700 | 1 | |a Smolík, Josef | |